Statistiques concernant Les 20 plus grands stades français

Cliquez ici pour prendre le quiz!

Statistiques générales

  • Ce quiz a été pris 226 fois
  • Le résultat moyen est 9 sur 20

Statistiques - réponses

RangNom du stadeCapacité% Correct
1erStade de France80.000 places
98%
2eVélodrome67.000 places
94%
5eParc des Princes48.000 places
86%
3eGroupama Stadium59.000 places
72%
7eGeoffroy-Guichard42.000 places
66%
4ePierre Mauroy50.000 places
65%
6eMatmut Atlantique42.000 places
59%
13eStadium33.000 places
52%
8eBollaert38.000 places
50%
9eLa Beaujoire37.000 places
50%
11eGerland35.000 places
40%
16eRoazhon Park30.000 places
39%
14eStade de la Mosson33.000 places
37%
17eLa Meinau29.000 places
36%
12eChaban-Delmas35.000 places
30%
18eSaint-Symphorien26.000 places
24%
20eMM Arena25.000 places
19%
19eStade Océane25.000 places
19%
10eAllianz Riviera36.000 places
4%
15eParis la Défense Arena32.000 places
3%

Distribution des résultats

Percentile par nombre de réponses

% des personnes avec chaque résultat

Votre développement - résultats

Vous n’avez pas pris ce quiz